Last pictures of celebrities before death #3 - Statistics

General Stats
  • This quiz has been taken 34 times
  • The average score is 9 of 16
Answer Stats
Picture Answer % Correct
Michael Jackson
97%
Amy Winehouse
94%
Steve Jobs
90%
Kobe Bryant
81%
André the Giant
71%
Andy Warhol
65%
Janis Joplin
65%
James Gandolfini
55%
Christopher Lee
45%
John Candy
45%
Gene Wilder
39%
Marlon Brando
35%
Richard Pryor
35%
Dean Martin
19%
Patrick Swayze
19%
River Phoenix
16%
No matching quizzes found
Score Distribution
Percent of People with Each Score
Percentile by Number Answered
Your Score History
You have not taken this quiz